Normal view
MARC view
- Adopción
Entry Materia
001 - NÚMERO DE CONTROL DEL REGISTRO
- campo de control: 53500
003 - IDENTIFICADOR DE NUMERO DE CONTROL
- campo de control: MX-MxUPN
005 - FECHA Y HORA DE LA ÚLTIMA TRANSACCIÓN
- campo de control: 20241014161456.0
008 - DATOS DE LONGITUD FIJA
- campo de control de longitud fija: 240910|| acn||babn | a|a d
040 ## - FUENTE DE LA CATALOGACIÓN
- Centro catalogador de origen: MX-MxUPN
- Lengua de catalogación: spa
- Agencia de transcripción: MX-MxUPN
150 ## - ENCABEZAMIENTO - TEMÁTICO
- Término de materia o nombre geográfico como elemento inicial: Adopción
- Subdivisión geográfica: Argentina
- Subdivisión de materia general: Aspectos psicológicos
670 ## - FUENTE EN LA QUE SE LOCALIZARON DATOS
- Cita de la fuente: Autoridades BGTQ, 10 septiembre 2024 :
- Información localizada: (Adopción -- Argentina -- Aspectos psicológicos)
902 ## - CATALOGADOR
- Catalogador: MaríaRobles/100924
